| 000 | 02070cam a2200493 a 4500 | ||
|---|---|---|---|
| 001 | 000010551 | ||
| 005 | 20240306073909.0 | ||
| 008 | 080119k20002003cu ac b 001 0 spa d | ||
| 020 | _a9597006081 (obra completa) | ||
| 020 | _a9597006170 (t. 1) | ||
| 020 | _a9597006235 (t. 2) | ||
| 020 | _a9597006243 (t. 3) | ||
| 020 | _a9597006367 (t. 4) | ||
| 020 | _a9597006375 (t. 5) | ||
| 020 | _a9597006383 (t. 6) | ||
| 020 | _a9597006391 (t. 7) | ||
| 020 | _a9597006634 (t. 8) | ||
| 035 | _a(DLC)15201379 | ||
| 035 | _a(DLC)2008375802 | ||
| 035 | _a(OCoLC)ocm48767846 | ||
| 040 |
_aDO-SdBNP _cUIU _dFUG _dOCLCQ _dYDXCP _dOCLCG _dDLC _dBNPHU |
||
| 082 |
_aCu868.99231 _bM378ób |
||
| 100 | 1 |
_aMartí, José, _d1853-1895 _9645 |
|
| 245 | 1 | 0 |
_aObras completas / _cJosé Martí ; edición de Ana Julia Faya, Ela López Ugarte, Hortensia Roselló Rosés, [et..al]. |
| 250 | _aEdición crítica | ||
| 260 |
_aLa Habana : _bCentro de Estudios Martianos, _c2000. |
||
| 300 |
_a8 v. : _bil., port. ; _c22 cm. |
||
| 505 | 0 |
_gT.1. _t1862-1876, Cuba, España y México. -- _gT.2. _t1875-1876, México.-- _gT.3. _t1875-1876, Mexico.-- _gT.4. _t1875-1876, México.-- _gT.5. _t1877-1878, México, Cuba y Guatemala.-- _gT.6. _t1878-1880, Cuba y Estados Unidos.-- _gT.7. _t1880-1881, Estados Unidos.-- _gT.8. _t1881-1882, Venezuela y Estados Unidos. |
|
| 600 | 1 | 4 |
_aMARTÍ, JOSÉ, _d1853-1895 _xCOLECCIONES DE ESCRITOS _925591 |
| 600 | 1 | 4 |
_aMARTÍ PÉREZ, JOSÉ JULIÁN, _d1853-1895 _xCOLECCIONES DE ESCRITOS _925592 |
| 650 | 4 |
_aCuba _xHistoria revolución _925593 |
|
| 650 | 4 |
_aCuba _xHistoria _y1878-1895 _925594 |
|
| 650 | 4 |
_aLiteratura cubana _91483 |
|
| 700 | 1 |
_aFaya, Ana Julia, _eed. _925595 |
|
| 700 | 1 |
_aLópez Ugarte, Ela, _eed. _98795 |
|
| 700 | 1 |
_aRoselló Rosé, Hortensia, _eed. _925596 |
|
| 700 | 1 |
_aMatilde Fernández, Aida, _eed. _925597 |
|
| 700 | 1 |
_aPérez Rubio, Dania, _eed. _95482 |
|
| 700 | 1 |
_aYadira Álvarez López, _eed. _925598 |
|
| 710 | 1 |
_aCentro de Estudios Martianos (1977- ) _925599 |
|
| 910 | _aCatalogación por copia / LC | ||
| 910 | _aWM | ||
| 049 | _aBNGR | ||
| 999 |
_c10309 _d10309 |
||